| 000 | | | 05512nmc2a22003613x 450 |
| 001 | | | 591dae84-f6f0-4633-b79b-f21bf1d11f86 |
| 005 | | | 20240621163522.0 |
| 100 | ## | $a | 20240619l1917 k y0rusy50 ca |
| 101 | 0# | $a | rus |
| 102 | ## | $a | RU |
| 105 | ## | $a | a z ||||| |
| 122 | 0# | $a | d19171231 |
| 200 | 1# | $a | Докладная записка Гатчинского дворцового управления о передаче дворцовых оранжерей в Городское общественное управление; акт Комиссии садоводов об осмотре оранжерей, справка и смета расходов по садоводству |
| | $j | [19--] |
| 215 | ## | $a | 6 листов |
| | $c | табл. |
| | $d | 37 х 22,8 |
| 251 | ## | $c | Дело |
| 300 | ## | $a | Заголовок дела на папке: Докладная записка Гатчинского дворцового управления о передаче дворцовых оранжерей в Городское общественное управление, акт Комиссии садоводов осмотра оранжерей, справка и смета расходов по садовой части |
| 300 | ## | $a | На папке дела: Из россыпи |
| 300 | ## | $a | На папке дела: 6 июня 1917 г. |
| 300 | ## | $a | Часть текста машинописная с рукописными пометками, часть – напечатана типографским способом |
| 324 | ## | $a | В деле имеются копии отдельных документов |
| 461 | #0 | $1 | 00193b2a3d9-016f-4617-90d8-337fdac504ff |
| | $1 | 2001 |
| | $a | Канцелярия комиссара Временного правительства над бывшим Министерством двора |
| | $1 | 251 |
| | $c | Фонд |
| | $1 | 852 |
| | $j | 1907 |
| 462 | #0 | $1 | 001ea4c92a2-c68c-44ab-b89c-72127937c4f0 |
| | $1 | 2001 |
| | $a | 1917 г. |
| | $v | Д. 12 |
| | $1 | 251 |
| | $c | Опись |
| | $1 | 852 |
| | $j | 1 |
| 517 | 1# | $a | Докладная записка Гатчинского дворцового управления о передаче дворцовых оранжерей в Городское общественное управление, акт Комиссии садоводов осмотра оранжерей, справка и смета расходов по садовой части |
| 601 | 02 | $a | Временное правительство. Комиссар над бывшим Министерством двора. Канцелярия |
| 601 | 02 | $3 | RU\NLR\AUTH\889969337 |
| | $a | Гатчинское дворцовое управление |
| 601 | 02 | $a | Комиссия садоводов |
| 605 | ## | $3 | DITM\AF\0000002775 |
| | $a | Власть |
| | $l | коллекция |
| | $2 | acquisition_prlib |
| 610 | 1# | $a | Передача дворцовых оранжерей |
| | $a | Городское общественное управление |
| 686 | ## | $a | 63.3(2)535-332ю1 |
| | $c | История |
| | $2 | rubbk |
| 686 | ## | $a | 67.400.6ю1 |
| | $c | Право |
| | $2 | rubbk |
| 801 | #0 | $a | RU |
| | $b | GA_RF |
| 801 | #1 | $a | RU |
| | $b | ГлавНИВЦ |
| | $c | 20240619 |
| | $2 | rusmarc |
| 801 | #2 | $a | RU |
| | $b | ПБ им. Б.Н. Ельцина |
| | $c | 20240621 |
| | $g | RCR |
| | $2 | rusmarc |
| 852 | ## | $a | ГА РФ |
| | $j | 12 |
| 937 | ## | $d | 192509021 |
| | $h | ГАРФ |
| 035 | ## | $a | RuPRLIB51076783 |
| 856 | ## | $u | http://readingroom.main.prlib.ru/item.aspx?id_node=n192509021&mode=full |